Digital Electronics And Logic Design (Record no. 165783)
[ view plain ]
| 000 -LEADER | |
|---|---|
| fixed length control field | 00503nam a2200181Ia 4500 |
| 008 - FIXED-LENGTH DATA ELEMENTS--GENERAL INFORMATION | |
| fixed length control field | 230612s9999 xx 000 0 und d |
| 041 ## - LANGUAGE CODE | |
| Language code of text/sound track or separate title | eng |
| 082 ## - DEWEY DECIMAL CLASSIFICATION NUMBER | |
| Classification number | 621.381 BHU |
| 100 ## - MAIN ENTRY--PERSONAL NAME | |
| Personal name | Bhutiyani R.S. |
| 245 ## - TITLE STATEMENT | |
| Title | Digital Electronics And Logic Design |
| 260 ## - PUBLICATION, DISTRIBUTION, ETC. (IMPRINT) | |
| Date of publication, distribution, etc. | 1991 |
| Name of publisher, distributor, etc. | Everest Publishing House Publishing House |
| 300 ## - PHYSICAL DESCRIPTION | |
| Extent | 353 |
| Dimensions | Ref 101 E( 1501) |
| 365 ## - TRADE PRICE | |
| Currency code | Rs. |
| Price amount | 70.00 |
| 500 ## - GENERAL NOTE | |
| Keywords | 101 E |
| 700 ## - ADDED ENTRY--PERSONAL NAME | |
| Personal name | Bhutiyani R.S. |
| 906 ## - LOCAL DATA ELEMENT F, LDF (RLIN) | |
| d | B:658408-Jan-1993 |
| c | ETC |
| b | 10.5 |
| Withdrawn status | Lost status | Source of classification or shelving scheme | Reference No | Damaged status | Not for loan | Collection code | Home library | Current library | Date acquired | Vendor | Budget Code | Cost, normal purchase price | Bill number | Full call number | Barcode | Date last seen | Discount | Cost, replacement price | Bill Date | Koha item type | Original Barcode |
|---|---|---|---|---|---|---|---|---|---|---|---|---|---|---|---|---|---|---|---|---|---|
| Dewey Decimal Classification | Ref 101 E (1501) | Reference | Cummins College of Engineering for Women Pune | Cummins College of Engineering for Women Pune | 13/01/1993 | Varma Book Distributors | ETC | 59.50 | 6584 | 621.381 BHU | CCEP-BK-1501 | 12/06/2023 | 10.5 | 70.00 | 08/01/1993 | Books | 001501 |